Twój czas na przystan

Titel: Twój czas na przystan : mini informator kieszonkowy
Veröffentlicht: Gorzów, [2026?]
Umfang: 1 gefaltetes Blatt (16 Seiten) : Illustrationen, 1 Karte
Format: Buch
Sprache: Polnisch
Schlagworte:
Kein Bild verfügbar
X
alg: 54329747
001A    $03004:30-03-26 
001B    $03004:30-03-26 $t14:36:42.000 
001D    $03004:30-03-26 
001U    $0utf8 
001X    $00 
002@    $0Aau 
002C    $aText $btxt $2rdacontent 
002D    $aohne Hilfsmittel zu benutzen $bn $2rdamedia 
002E    $aBand $bnc $2rdacarrier 
003@    $0543297470 
010@    $apol 
010E    $erda 
011@    $a2026 $n[2026?] 
013D    $RAdressbuch $RVerzeichnis $#Handbooks, vade-mecums, etc. $#Guides pratiques $#Stadtführer $#Reiseführer Formschlagwort $74155569-7 $8Führer [Ts1] $9085661619 
021A    $aTwój czas na przystan $dmini informator kieszonkowy 
033A    $pGorzów 
034D    $a1 gefaltetes Blatt (16 Seiten) 
034M    $aIllustrationen, 1 Karte 

lok: 54329747 24

exp: 54329747 24 1 #EPN
201B/01 $030-03-26 $t14:36:11.000 
201C/01 $030-03-26 
201U/01 $0utf8 
203@/01 $01339186071 
208@/01 $a30-03-26 $ba 
209A/01 $aim Geschäftsgang $f050 $x00 
209G/01 $a75175825 $x00 
220C/01 $ahae 
247C/01 $8358050-7 Marburg, Bibliothek des Herder-Instituts Marburg $9102600961
LEADER 00000cam a2200000 c 4500
001 543297470
003 DE-603
005 20260330143642.0
007 tu
008 260330s2026 xx |||| | u00||u|pol c
035 |a (DE-599)HEB543297470 
040 |a DE-603  |b ger  |c DE-603  |d DE-603  |e rda 
041 |a pol 
245 0 0 |a Twój czas na przystan  |b mini informator kieszonkowy 
264 1 |a Gorzów  |c [2026?] 
300 |a 1 gefaltetes Blatt (16 Seiten)  |b Illustrationen, 1 Karte 
336 |a Text  |b txt  |2 rdacontent 
337 |a ohne Hilfsmittel zu benutzen  |b n  |2 rdamedia 
338 |a Band  |b nc  |2 rdacarrier 
655 7 |a Führer  |2 gnd-content  |0 (DE-588)4155569-7  |0 (DE-603)085661619 
924 0 |9 Mb 50  |a (DE-603)1339186071  |b DE-Mb50  |c HES  |d c  |g im Geschäftsgang